Jay-Vejay; Part-1 (Record no. 46148)

MARC details
000 -LEADER
fixed length control field 01518njm a22003257a 4500
005 - DATE AND TIME OF LATEST TRANSACTION
control field 20100916122235.0
007 - PHYSICAL DESCRIPTION FIXED FIELD--GENERAL INFORMATION
fixed length control field sd ammalaaahaa
008 - FIXED-LENGTH DATA ELEMENTS--GENERAL INFORMATION
fixed length control field 100904t xxu||||| |||| 00| 0 hin d
028 ## - PUBLISHER NUMBER
Publisher number 7EPE. 7445
Source EMI
028 ## - PUBLISHER NUMBER
Publisher number B-7TJW. 13962
Source EMI
028 ## - PUBLISHER NUMBER
Publisher number B-7TJW. 13963
Source EMI
035 ## - SYSTEM CONTROL NUMBER
System control number GR-02794
040 ## - CATALOGING SOURCE
Original cataloging agency SED/VEN
100 ## - MAIN ENTRY--PERSONAL NAME
Personal name Mangeshkar, Lata
9 (RLIN) 1184
245 ## - TITLE STATEMENT
Title Jay-Vejay; Part-1
Remainder of title Hindi /
Statement of responsibility, etc by Lata Mangeshkar & Usha Mangeshkar; Music by Rajesh Roshan; Lyric by Majrooh
Medium [Sound Recording] :
246 ## - VARYING FORM OF TITLE
Title proper/short title जय-विजय (लता मंगेशकर और ऊषा मंगेशकर)
260 ## - PUBLICATION, DISTRIBUTION, ETC. (IMPRINT)
Place of publication, distribution, etc Dum Dum, India :
Name of publisher, distributor, etc EMI
300 ## - PHYSICAL DESCRIPTION
Extent 1 sound disc [Gramophone Recording] :
Other physical details analog, 33 1/3 rpm ;
Dimensions 7 in. [SP]
Type of unit Gramophone Records
500 ## - GENERAL NOTE
General note Brief Records
500 ## - GENERAL NOTE
General note Record Labels: EMI, Red
505 ## - FORMATTED CONTENTS NOTE
Formatted contents note Song Side-1; मैंने तो लाख जतन (जय-विजय) (लता मंगेशकर और ऊषा मंगेशकर), Song Side-2; तेरी पलकों में (मोहम्मद रफी और सुमन कल्याणपुर)Part 2
600 ## - SUBJECT ADDED ENTRY--PERSONAL NAME
Personal name Mangeshkar, Lata
9 (RLIN) 20259
610 ## - SUBJECT ADDED ENTRY--CORPORATE NAME
Corporate name or jurisdiction name as entry element Mangeshkar, Usha
9 (RLIN) 20322
650 ## - SUBJECT ADDED ENTRY--TOPICAL TERM
Topical term or geographic name as entry element Classical Music
General subdivision Excerpts
Geographic subdivision India
9 (RLIN) 18309
700 ## - ADDED ENTRY--PERSONAL NAME
9 (RLIN) 18319
Personal name Mangeshkar, Usha
700 ## - ADDED ENTRY--PERSONAL NAME
9 (RLIN) 18320
Personal name Mohammed Rafi
700 ## - ADDED ENTRY--PERSONAL NAME
Personal name Kalyanpur, Suman
9 (RLIN) 20323
942 ## - ADDED ENTRY ELEMENTS (KOHA)
Source of classification or shelving scheme Dewey Decimal Classification
Item type Gramaphone Records
Holdings
Withdrawn status Lost status Source of classification or shelving scheme Damaged status Not for loan Collection code Home library Current library Shelving location Date acquired Source of acquisition Total Checkouts Barcode Date last seen Copy number Price effective from Koha item type
    Dewey Decimal Classification   Not For Loan Non-fiction Central Library Central Library Audio Visual 16/09/2010 SED/VEN   GR-02794 16/09/2010 1 16/09/2010 Gramaphone Records

© Delhi Public Library
Hit Counter
free hit counter